Gran Larousse universal / (Record no. 11126)

MARC details
000 -LEADER
campo de control de longitud fija 01895nam a2200265 i 4500
001 - NÚMERO DE CONTROL
campo de control 11126
003 - IDENTIFICADOR DE NÚMERO DE CONTROL
campo de control ES-MaACL
005 - FECHA Y HORA DE LA ÚLTIMA TRANSACCIÓN
campo de control 20250724094348.0
008 - DATOS DE LONGITUD FIJA--INFORMACIÓN GENERAL
campo de control de longitud fija 941125m1995 sp a e 001 0dspa
020 ## - NÚMERO INTERNACIONAL ESTÁNDAR DEL LIBRO
Número Internacional Estándar del Libro 84-01-61720-0
080 ## - NÚMERO DE LA CLASIFICACIÓN DECIMAL UNIVERSAL
Número de la Clasificación Decimal Universal 031
245 00 - MENCIÓN DEL TÍTULO
Título Gran Larousse universal /
Mención de responsabilidad, etc. [edición española, Guillem Burrel i Floría ... et al.].
246 3# - FORMA VARIANTE DEL TITULO
Título propio/Titulo breve Enciclopedia Larousse
260 ## - PUBLICACIÓN, DISTRIBUCIÓN, ETC.
Lugar de publicación, distribución, etc. Barcelona :
Nombre del editor, distribuidor, etc. Plaza & Janés,
Fecha de publicación, distribución, etc. 1995.
300 ## - DESCRIPCIÓN FÍSICA
Extensión 40 v. :
Otras características físicas il. col. y n ;
Dimensiones 30 cm.
505 8# - NOTA DE CONTENIDO CON FORMATO
Nota de contenido con formato Contiene: 1. Aalto-Alejandro III -- 2. Alejandro IV-animal -- 3. Animismo-Asia central -- 4. Asia monzónica-bamileke -- 5. Banca-Bonampak -- 6. Bonaparte-Campanella -- 7. Campania-Célebes -- 8. Celentéreos-compás -- 9. Competencia-crecimiento económico -- 10. Crédito-Deledda -- 11. Delfín-Edda -- 12. Edema-Eslava -- 13. Eslavos-Estuardo -- 14. Estuario-Fokine -- 15. Folklore-generalidad -- 16. Generativa (gramática)-Guinea ecuatorial -- 17. Guionistas-horno -- 18. Horóscopo-indumentaria -- 19. Industrial (revolución)-Jamaica -- 20. James-Lao She -- 21. Laplace-Luis IX -- 22. Luis XI-Martí -- 23. Martin-Miró (Gabriel) -- 24. Miró (Joan)-Narváez -- 25. Nash-Olimpia -- 26. Olímpicos (juegos)-parcial -- 27. Pardo Bazán-plastificado -- 28. Plata-Puebla de Zaragoza -- 29. Pueblo-retórica -- 30. Retraso mental-Saladino I -- 31. Salamanca-Siberia -- 32. Sica- Sullivan -- 33. Sumatra-Tíbet -- 34. Tiburones-Urartu -- 35. Urbanismo-vid y vinos -- 36. Vieira-Zúrich -- 37 Índice -- 38-39. Diccionario de la lengua española. -- 40. Gran atlas mundial
650 #4 - PUNTO DE ACCESO ADICIONAL DE MATERIA--TÉRMINO DE MATERIA
Término de materia o nombre geográfico como elemento de entrada Enciclopedias.
9 (RLIN) 12235
650 #4 - PUNTO DE ACCESO ADICIONAL DE MATERIA--TÉRMINO DE MATERIA
Término de materia o nombre geográfico como elemento de entrada Lengua española-
Subdivisión de forma Diccionarios.
9 (RLIN) 14137
650 #7 - PUNTO DE ACCESO ADICIONAL DE MATERIA--TÉRMINO DE MATERIA
Término de materia o nombre geográfico como elemento de entrada Atlas
Fuente del encabezamiento o término embne
9 (RLIN) 10407
700 1# - ENTRADA AGREGADA--NOMBRE PERSONAL
Nombre de persona Burrel i Floría, Guillem.
9 (RLIN) 32766
740 02 - ENTRADA AGREGADA--TÍTULO RELACIONADO/ANALÍTICO NO CONTROLADO
Título relacionado o analítico no controlado Diccionario de la lengua española.
740 02 - ENTRADA AGREGADA--TÍTULO RELACIONADO/ANALÍTICO NO CONTROLADO
Título relacionado o analítico no controlado Gran atlas mundial.
852 4# - LOCALIZACIÓN
Ubicación ES-MaACL
Número de control de estantería ENC 031 gra
Holdings
Estatus retirado Estado de pérdida Estado de daño No para préstamo Colección Biblioteca de origen Biblioteca actual Ubicación en estantería Fecha de adquisición Fuente de adquisición Total de préstamos Signatura topográfica completa Código de barras Visto por última vez Precio de reemplazo Tipo de ítem Koha
        Colección de referencia Biblioteca del Ateneo de Madrid Biblioteca del Ateneo de Madrid Sala Pecera Referencia 17/01/2008     ENC 031 gra 1011346 23/02/2023 23/02/2023 Libro impreso